| 000 | 00351nam a2200133Ia 4500 | ||
|---|---|---|---|
| 008 | 220204s9999 xx 000 0 und d | ||
| 082 |
_a330.15 _bAVE |
||
| 100 | _aAvert, Thomas Eugene | ||
| 245 | 0 | _aNatural resources measurements | |
| 250 | _aEd.2 | ||
| 260 |
_aNew York _bMcGraw hill _c1975 |
||
| 650 | _aNatural resources measurements | ||
| 942 | _cBK | ||
| 999 |
_c23810 _d23810 |
||